[Event "Tianjin Binhai Cup 1st"]
[Site "Tianjin"]
[Date "2018.12.25"]
[Round "1"]
[White "Sivuk, Vitaly"]
[Black "Yu, Lei"]
[Result "1-0"]
[WhiteElo "2542"]
[BlackElo "2074"]
[PlyCount "49"]
[EventDate "2018.12.25"]
[EventType "swiss"]
[EventRounds "9"]
[EventCountry "CHN"]
[SourceTitle "CBM 188 Extra"]
[Source "ChessBase"]
[SourceDate "2019.02.28"]
[SourceVersion "1"]
[SourceVersionDate "2019.02.28"]
[SourceQuality "1"]

1. d4 d5 2. c4 dxc4 3. e4 c5 4. d5 Nf6 5. Nc3 e5 6. Nf3 Bd6 7. Nd2 a6 8. a4 Nbd7 9. Nxc4 Nb6 10. Ne3 0-0 11. a5 Nbd7 12. Nc4 Ne8 13. Be2 b5 14. axb6 Nxb6 15. Na5 f5 16. 0-0 f4 17. Bd2 Qh4 18. f3 Rf6 19. Be1 Qh5 20. g4 fxg3 21. Bxg3 c4 22. Kh1 Rg6 23. Rg1 Bc5 24. Nc6 Kh8 25. f4 1-0